[Event "Dieren op"]
[Site "Dieren"]
[Date "1998.07.23"]
[Round "3"]
[White "Peng, Zhaoqin"]
[Black "Mikhalevski, Victor"]
[Result "0-1"]
[WhiteElo "2425"]
[BlackElo "2540"]
[Annotator "Mikhalevski,V"]
[PlyCount "79"]
[EventDate "1998.08.??"]
[EventType "swiss"]
[EventRounds "9"]
[EventCountry "NED"]
[SourceTitle "CBM 066"]
[Source "ChessBase"]
[SourceDate "1998.09.30"]
[SourceVersion "1"]
[SourceVersionDate "1998.09.30"]
[SourceQuality "1"]

1. Nf3 Nf6 2. c4 c5 3. d4 cxd4 4. Nxd4 e5 5. Nb5 d5 6. cxd5 Bc5 7. e3 O-O 8.
N5c3 e4 9. Be2 (9. a3 Qe7 10. Nd2 Rd8 11. b4 Bd6 12. Nc4 Bc7 13. Ra2 Bg4 14.
Be2 Bxe2 15. Rxe2 Nc6 $5 16. Bb2 Ne5 17. Nxe5 Bxe5 18. Rd2 Rac8 19. Qb3 Ng4 20.
h3 Qh4 21. g3 Bxg3 22. Nxe4 Be5 $44 {Krasenkov,M-Smirin,I/Vilnius/1988/}) 9...
Qe7 10. a3 (10. b3 Rd8 11. Qc2 Bf5 12. Bb2 Nbd7 13. a3 Ne5 14. b4 Nd3+ 15. Bxd3
exd3 16. Qd2 Bb6 17. O-O Rac8 18. Re1 Ng4 19. h3 Ne5 20. e4 Bxh3 21. Qf4 Rd6
22. Nd1 Rg6 23. Bxe5 Rxg2+ 24. Kh1 Rg4 25. Bf6 Qxf6 26. Qxf6 gxf6 $19 {->,
Esteban,JM-Gomez,M/San Sebastian op/1994/}) (10. Nd2 Rd8 11. Qc2 Bf5 12. O-O
Nbd7 13. Nc4 Rac8 14. Rd1 Ne5 15. Nxe5 Qxe5 16. Bd2 Bg4 17. Be1 Bd6 18. Bxg4
Qxh2+ 19. Kf1 Nxg4 20. Qxe4 f5 21. Qf3 Rf8 22. Rac1 Qh1+ 23. Ke2 Nh2 $1 24. Qh3
Qf1+ 25. Kd2 Ng4 26. Kc2 b5 $1 $40 {Servat,R-Hoffman,A/ARG-ch/1995/}) 10... Rd8
(10... a6 11. b4 Ba7 12. Nd2 Bf5 13. Bb2 Rd8 14. Qb3 Nbd7 15. Nc4 Ne8 16. g4
Bg6 17. h4 h6 18. O-O-O Nd6 19. Nxd6 Qxd6 20. Kb1 Ne5 21. h5 Bh7 22. g5 hxg5
23. Rdg1 f6 24. h6 Bg6 25. Ka1 Rac8 26. Bg4 $5 f5 27. Bxf5 Bxf5 28. Rxg5 $40 {
Stepovoj,V-Usov,A/Kstovo op/1994/}) (10... a5 11. Nd2 Rd8 12. Qc2 Bf5 13. g4
Bg6 14. h4 h6 15. h5 Bh7 16. g5 hxg5 17. h6 Nbd7 18. hxg7 Rac8 19. Nc4 Ne5 20.
Nxe5 Qxe5 21. Bd2 Nxd5 22. Nxd5 Qxd5 $13 {1/2/Modr,B-Tseitlin,Mi/Prague/1983/})
11. b4 ({Stohl} 11. O-O a5 (11... Bf5) 12. Nd2 Bf5 13. Qb3 (13. Nc4 Be6) 13...
h5 14. Nc4 Ra6 15. Rd1 Ng4 16. h3 Nxf2 17. Kxf2 Bxh3 (17... Qh4+ 18. g3 Qxh3
19. Qxb7 Rf6 20. Ke1 Qxg3+ 21. Kd2) 18. Bf1 Qh4+ 19. Kg1 Rf6 20. Qc2 (20. gxh3
Qg3+ 21. Bg2 Rf2) 20... Bg4 21. Nxe4 Rf4 22. Nxa5 Bxd1 23. Qxd1 Rxf1+ 24. Qxf1
Qxe4 25. Nxb7 Rxd5 (25... Bxe3+ 26. Bxe3 Qxe3+ 27. Qf2 Qxf2+ 28. Kxf2 Rxd5 29.
b4) 26. Nxc5 Qc2 27. Qf4 Nc6 (27... Qd1+ 28. Kh2 Rxc5 29. Qxb8+ Kh7 30. Qf8
Rxc1 31. Rxc1 Qxc1 32. Qxf7) 28. Ne4 Qd1+ (28... Rd1+ 29. Kh2 Rxc1 30. Rxc1
Qxc1 31. Nd6 f6 32. Qc4+) 29. Kh2 Ne5 30. Nf2 Qf1 31. e4 Rd3 32. Nxd3 Ng4+ 33.
Kg3 Qxd3+ 34. Qf3 Qd8 35. Bf4 g5 36. Rf1 f6 37. Kh3 Qd7 38. Bxg5 Ne3+ 39. Kh2
Nxf1+ 40. Qxf1 fxg5 41. Qf5 Qd6+ 42. e5 Qd2 43. Qc8+ {1-0 Shabalov,A-Gurevich,
D/NY op 1998}) (11. Nd2 Bf5 12. b4 Bd6 13. Nc4 Be5 14. Nxe5 Qxe5 15. Bb2 Nbd7
16. Qb3 Bg6 17. h4 h5 18. Rd1 Ng4 19. Bxg4 hxg4 20. Ne2 Qd6 21. Nf4 $16 {
1-0 Lesiege,A-Goldenberg,D/Quebec Open, Montreal CAN 1998 (30)}) 11... Bd6 (
11... Bb6 12. Bb2 Bf5 (12... Nc6 13. Qc2 Ne5 14. Nxe4 Nxd5 15. Ng3 Nf6 16. Nd2
Bg4 17. Bxg4 Nd3+ 18. Ke2 Nxg4 19. Rhf1 Rac8 20. Qb3 Bxe3 21. Nf5 Nf4+ 22. Kf3
Nxh2+ 23. Kg3 Qg5+ {0-1 Beckhuis,G-Hendriks,W/Muenster op 1993}) 13. g4 Be6 14.
Qc2 Bxg4 15. Bxg4 Nxg4 16. Nxe4 Nd7 17. Rg1 Nde5 18. Qe2 f5 19. Ng3 Rxd5 20.
Nxf5 Qf7 21. Bxe5 Rxe5 22. Qxg4 Rxf5 23. Nd2 Rc8 24. Rd1 Rc6 $44 {
Rotstein-Stranjakovitch/Paris-ch/1992/}) 12. Ra2 $146 {White usually plays 12.
Bb2.} (12. Bb2 Nbd7 ({Stohl} 12... a5 $5 $146 {A fresh new idea. Before Black
concentrated mainly on gaining back his pawn after Nd7-b6, or placing the N on
e5 and massing forces against White's King-side. Topalov chooses another route
for his N and shows, that also White's Queen-side has been seriously weakened.}
13. bxa5 (13. b5 Nbd7 $44) 13... Be5 14. Qa4 (14. O-O Rxa5 $15 {/\Nd5} 15. Bc4
$2 Bxh2+ $1 $40) 14... Na6 (14... Qc5 $2 15. Nxe4 $1 Nxe4 16. Bxe5 $16) (14...
Bd7 15. Qb4 $16) 15. Nd2 $6 {White should have tried to evacuate his K as soon
as possible. Now Black's initiative will be very dangerous.} (15. O-O $142 Nc5
16. Qb4 Bg4 $5 $13 (16... Nxd5 17. Nxd5 Rxd5 18. Bxe5 Rxe5 {[%cal Ye7c7] /\Qc7=
})) 15... Nc5 16. Qb4 Bg4 $1 $44 17. Nc4 (17. Bxg4 $4 Nd3+) (17. f3 exf3 18.
gxf3 Nxd5 $1 19. Nxd5 Rxd5 20. fxg4 (20. Bxe5 Qxe5 $17) 20... Bxb2 21. Qxb2
Qxe3 $17 {[%csl Re1][%cal Rc5d3] /\Nd3,->עe1}) 17... Bxc3+ 18. Qxc3 Bxe2 19.
Kxe2 Qd7 $15 {[%csl Ra4,Rb5,Rc4,Rd3,Re2,Rf3,Rg4] Timman,J-Topalov,V/Wijk 1996/
1/2-1/2 (67) White is weak on the white squares and his K is misplaced. Black
has more than sufficient compensation.}) (12... Bf5 13. Nd2 Nbd7 14. Nc4 Ne5
15. Nxd6 Rxd6 16. O-O Rad8 17. Qb3 a6 18. f3 $6 exf3 19. Bxf3 Bd3 20. Be2 Neg4
21. Rf3 Nxh2 22. Rg3 Bxe2 23. Nxe2 Nhg4 24. Qc3 Rxd5 25. Nd4 Ne4 26. Rxg4 Nxc3
{0-1/Trapl,J-Kupka,S/Litomerice/1990/}) 13. Nd2 Nb6 14. Qb3 Be5 (14... Bf5 15.
Rd1 Rac8 16. Nb5 {1/2/Haba,Z-Hudecek,J/CS-chT/1992/}) (14... Nbxd5 15. Nxd5
Nxd5 16. Qxd5 Bxb4 17. Qxd8+ Qxd8 18. axb4 $16 {1/2-1/2 Finegold,B-Buzbuchi,I/
Midwest Masters 1985 (47)}) 15. Nc4 (15. Rd1 Bf5 (15... Nbxd5 $6 16. Ndxe4 $1
Nxc3 17. Nxf6+ Bxf6 18. Rxd8+ Qxd8 19. Bxc3 Be6 20. Qb2 $14) 16. Nc4 Nxc4 17.
Qxc4 Rac8 18. Qb3 a6 19. Na4 (19. O-O $6 Qc7 $36) (19. h3 $5 $13) 19... Bxb2
20. Qxb2 Rxd5 21. Rxd5 Nxd5 22. O-O Qf6 23. Rc1 (23. Qxf6 Nxf6 24. Nc5 $10)
23... Qxb2 24. Rxc8+ Bxc8 25. Nxb2 Nc3 {׫,()} 26. Kf1 (26. Bc4 $142 $5 Kf8 27.
Kf1 Ke7 28. Ke1 $15 {/\Nd1}) 26... Be6 $15 {[%csl Ra3,Rb4] ׫,Lautier,
J-Illescas Cordoba,M/Linares/1995/}) (15. O-O Nbxd5 $10 (15... Bg4 $5 $13))
15... Nxc4 16. Bxc4 Bf5 17. Nb5 Bxb2 18. Qxb2 Nxd5 $11 {Khodos,G-Gofshtein,L/
URS-ch sf 1978/1/2-1/2 (58)}) 12... Nbd7 13. Rd2 (13. O-O Qe5 $5 (13... Ne5 $5
{[%cal Gc8g4,Gc8f5] /\Bg4;Bf5 ><d3})) 13... Ne5 {[%csl Rd3][%cal Gc8g4] /\Bg4;
><d3} 14. h3 (14. O-O Bg4 {[%csl Rd3]}) 14... Bf5 {[%csl Rd5][%cal Ge5d3] /
\Nd3;><d5} 15. Rd4 $5 {winning tempo as Black will have to play Be5 and then
to go back("d6" is the best square for it).} Nd3+ 16. Bxd3 exd3 17. O-O Be5 18.
Rxd3 Bxd3 19. Qxd3 {[%cal Ge3e4,Gf2f4] /\e4,f4} Rac8 20. e4 Re8 $1 {[%cal
Ge5c3]} 21. Re1 Qc7 $1 {[%csl Gf4] ><f4} 22. Bd2 a6 $1 {White doesn't have
useful moves.} 23. Kf1 h6 $1 {see previous comment} 24. Na4 $6 {[%cal Ga4c5] /
\Nc5} (24. Ne2 $142 {taking under control an important square "f4"}) 24... Bd6
$1 {[%cal Gf6d7,Gd7e5] covering square "c5" and preparing Nf6-d7-e5} 25. Bc3
Nh5 $1 {[%csl Rf4][%cal Gh5f4] /\Nf4} 26. Bd4 (26. Qf3 Nf4 27. Nc5 $140 b6) (
26. e5 Bxe5 27. Qe2 Bf6 $1 28. Qxh5 (28. Qxe8+ Rxe8 29. Rxe8+ Kh7 $17) 28...
Qc4+ 29. Re2 Qd3 $1 $17) (26. g3 $2 Qd7 $1 {[%cal Rd7a4,Rd7h3]}) 26... Nf4 27.
Qd2 $4 $19 (27. Qb3 $8 $15) 27... Nxd5 $2 $138 (27... Qc4+ $142 28. Kg1 Qxd4 $1
29. Qxd4 Ne2+ 30. Rxe2 Rc1+) 28. g3 (28. Bxg7 Qc4+ 29. Kg1 Kxg7 $1 30. Nb2 (30.
exd5 Rxe1+ 31. Qxe1 Qc1 $1 $19) 30... Qb3 $1 $19) 28... Qd7 {[%cal Rd7a4,Rd7h3]
><a4,h3} 29. exd5 Qxa4 (29... Rxe1+ $142 30. Qxe1 Qxa4) 30. Be3 Qb3 31. Kg2 Rc2
(31... Re5 $1 {[%csl Rd5]} 32. Rd1 $140 Rc2 33. Qd3 Rxe3 $19) 32. Qd4 Be5 $6 (
32... Re5 $19 33. Rd1 $140 Rxe3) 33. Qe4 f5 (33... Rc4 $5) 34. Qxf5 Qxd5+ 35.
Kg1 Qc6 $1 36. Nd2 (36. Bf4 Rxf2 $3 37. Kxf2 Bd4+ 38. Be3 Bxe3+ 39. Rxe3 Rf8
$19) (36. Bd4 $2 Rc1) (36. Bc5 Rb2 $1 {[%cal Ge5g3] ><b1;/\B:g3}) 36... Bf6 37.
Nf3 Qc8 38. Qg6 Rc6 $1 39. Qh5 Rce6 40. Kg2 $138 {White lost on time.} 0-1

[Event "Biel MTO op 45th"]
[Site "Biel"]
[Date "2012.07.28"]
[Round "6"]
[White "Boruchovsky, Avital"]
[Black "Pelletier, Yannick"]
[Result "0-1"]
[WhiteElo "2416"]
[BlackElo "2599"]
[Annotator "Pelletier,Y"]
[PlyCount "92"]
[EventDate "2012.07.23"]
[EventType "swiss"]
[EventRounds "11"]
[EventCountry "SUI"]
[SourceTitle "CBM 149 Extra"]
[Source "ChessBase"]
[SourceDate "2012.08.24"]
[SourceVersion "1"]
[SourceVersionDate "2012.08.24"]
[SourceQuality "1"]

1. e4 c5 2. Nf3 d6 3. d4 cxd4 4. Nxd4 Nf6 5. f3 {Mein junger Gegner
überraschte mich, indem er von seinem üblichen Aufbau mit Nc3 Abstand nahm.
Ich entschied hier also, eine Igelstellung herbeizuführen, wo er vermutlich
über wenig Erfahrung verfügt.} a6 6. c4 e6 7. Nc3 Be7 8. Be3 O-O 9. Be2 b6 10.
O-O Bb7 11. Qd2 Qc7 12. Rac1 Nbd7 13. Rfd1 Rac8 14. Bf1 Qb8 15. Nc2 Rfe8 ({
All diese Züge geschehen für Schwarz praktisch automatisch. Falls er dann aber
de Plan mit Be7-d8-c7 folgen will, sollte er mit} 15... Bd8 {sofort beginnen.})
16. Kh1 ({Dem Anziehenden gelingt es nicht, mittels} 16. b3 {das
Läufermannöver zu verhindern:} Bd8 17. Bf4 Ne5 {, und} 18. Qxd6 {geht wegen}
Nxf3+ 19. gxf3 Bc7 {nicht.}) 16... Bd8 ({Dies ist sehr riskant, da die Folgen
von diesem Bauernopfer völlig unübersichtlich sind. Verlässlicher sind
Wartezüge wie} 16... h6 {,}) (16... Ba8 {, oder gar}) (16... Bf8 {(also
Planwechsel!)}) 17. Bf4 ({Mein Gegner rechnete hier lange über die Fortsetzung
} 17. Qxd6 $5 Bc7 18. Qd2 Bxh2 {Weiss kann mittels} 19. g4 {eine Figur
gewinnen, muss aber gewisse Schwächen in Kauf nehmen:} (19. f4 {bringt jetzt
nichts wegen} Ng4 20. Qe2 (20. Qxd7 $2 Bxf4 $19) (20. e5 Ndxe5 $1 21. fxe5 Qxe5
$19) 20... Ndf6 21. e5 h5 $1 $40) 19... Be5 20. g5 Bxc3 21. Qxc3 (21. bxc3 Nxe4
22. fxe4 Bxe4+ 23. Bg2 Nc5 $44 {/+=}) 21... Nxe4 22. fxe4 Bxe4+ (22... Nc5 23.
Qe1 Qe5 24. Bg2 $14) 23. Bg2 Ne5 24. Bf4 (24. Bxe4 $2 Rxc4 $36) 24... Bxg2+ 25.
Kxg2 Qb7+ 26. Kg1 Nxc4 27. Ne3 {Es ist schwer zu beurteilen, ob die drei
Bauern genug Ersatz für die Figur bieten, aber ich denke eher nicht.}) 17...
Ne5 18. Bxe5 ({Prinzipiell ist dieser Tausch nur vertretbar, wenn Weiss am
Damenflügel Vorteil erzielen kann. Sonst leidet er an die Schwäche der
schwarzen Felder, was wohl eine direkte Konsequenz der Aufgabe des Läufers
darbieten.} 18. Qxd6 {führt nach} Qxd6 19. Rxd6 Nxc4 20. Bxc4 Rxc4 {zu einem
etwa gleichen Endspiel.}) 18... dxe5 {[%cal Gd8e7]} 19. Qd6 ({Ein
interessanter Zug, um die Rückkehr des Bd8 auf der Diagonale f8-a3 zu
erschweren, wo er nun natürlich wieder hingehört. Nach} 19. Qe3 Qc7 20. b4 Be7
21. Na4 {pariert Schwarz die gegnerischen Drohungen mit der taktischen Antwort}
Nd7 22. Rxd7 Qxd7 23. Nxb6 Qd8 24. Nxc8 Bg5 $1 {, und erobert nach} 25. Qc5 Qd2
26. Re1 Rxc8 {die Initiative.}) 19... Bc7 20. Qa3 Rcd8 {Logischer und besser
war es, den anderen Turm auf dieses Feld zu stellen.} 21. b4 (21. Nb4 Bd6)
21... Bd6 22. Qb2 (22. Na4 a5 23. Qe3 axb4 24. Qxb6 Bf8 $13) (22. c5 bxc5 23.
bxc5 Be7 $36) 22... Nd7 {Schwarz hat effektivere Möglichkeiten, seine Stellung
zu verbessern. Der bisher inaktive Springer soll über b8 und c6 mal auf d4
landen.} 23. Rd2 Qc7 24. Rcd1 Be7 25. Qb3 h5 ({Ich wollte mit dem Turmtausch
noch warten und führte diesen nützlichen Vorstoss aus. Aber nichts sprach
wirklich gegen} 25... Nb8 $15) 26. Na4 h4 ({Bei} 26... Bc6 {störte mich, dass
Weiss nach} 27. b5 axb5 28. cxb5 Bb7 {den Nc2 mittels} 29. Nb4 {aktivieren
kann. In der Tat ist es unklar, ob Schwarz nach} Nc5 30. Nxc5 Qxc5 31. Rxd8
Rxd8 32. Rxd8+ Bxd8 33. Qc4 {besser stehen kann.}) 27. Qe3 Bc6 28. Nc3 Nb8 29.
a3 ({Im Fall von} 29. Rxd8 {hätte vermutlich alle Türme getauscht:} Rxd8 30.
Rxd8+ Qxd8 $15 {mit der Idee Be8-Nc6. Nach dem Textzug kann ich aber auf
natürlich Art einen Turm behalten.}) 29... Rxd2 30. Rxd2 Rc8 $5 31. Na1 {
Diese Überführung schwächt die Bauernkette a3-b4. Aber es ist schwer, einen
aktiven weissen Plan vorzuschlagen. Die Stellung bleibt zwar solid, aber
schwer zu handeln.} Be8 32. Nb3 $6 a5 $1 {Nimmt die erwähnten Bauern direkt
aufs Korn.} 33. b5 (33. bxa5 bxa5 34. Nb5 $140 $6 Bxb5 35. cxb5 a4 36. b6 Qc3
37. Rd3 Qb2 $17) 33... Bxa3 34. Na4 Nd7 35. Qg5 ({Taktische Verwicklungen
gehen zugunsten von Schwarz aus:} 35. Nxa5 Bb4 36. Nc6 Bxd2 37. Qxd2 Ra8 $1 $19
) ({Oder} 35. Rxd7 Qxd7 36. Nxb6 Qd1 37. Qe2 Rd8 $19) 35... Bb4 36. Rd1 h3 ({
Der sofortige} 36... Nc5 {war natürlich auch gut}) 37. gxh3 Nc5 38. Nbxc5 Bxc5
39. Be2 $6 ({Den Läufer auf d4 zu tolerieren gleicht einem schnellen Ende.
Aber auch nach} 39. Nxc5 Qxc5 $17 {[%csl Ga5] sieht es wegem gedeckten
Freibauern nicht gut aus. Sollte Schwarz das Problem seines passiven Läufers
lösen, wäre die Stellung gar nicht mehr haltbar.}) 39... Bd4 $19 {[%csl Ra4,
Gd4]} 40. h4 $138 Bxb5 $1 41. cxb5 (41. Nxb6 Bxb6 42. cxb5 Qc2 $19) 41... Qc2
42. Qd2 Qxa4 43. Rc1 Rxc1+ 44. Qxc1 Qa2 45. Qf1 a4 46. h5 a3 0-1

[Event "Bundesliga 0203"]
[Site "Germany"]
[Date "2002.11.17"]
[Round "4.5"]
[White "Pelletier, Yannick"]
[Black "Schmittdiel, Eckhard"]
[Result "1-0"]
[WhiteElo "2587"]
[BlackElo "2476"]
[Annotator "Pelletier,Y"]
[PlyCount "47"]
[EventDate "2002.10.19"]
[EventType "team-tourn"]
[EventRounds "15"]
[EventCountry "GER"]
[SourceTitle "EXT 2003"]
[Source "ChessBase"]
[SourceDate "2002.11.25"]
[SourceVersion "1"]
[SourceVersionDate "2002.11.25"]
[SourceQuality "1"]
[WhiteTeam "Werder Bremen"]
[BlackTeam "Stuttgart"]
[WhiteTeamCountry "GER"]
[BlackTeamCountry "GER"]

1. Nf3 c5 2. c4 Nc6 3. d4 cxd4 4. Nxd4 Qb6 5. Nb3 Nf6 6. Nc3 e6 7. a3 ({
In der vorigen Bundesliga Saison spielte ich gegen denselben Gegner} 7. Bg5 {
, aber das Ergebnis der Eröffnung zwingte mich zu einer Änderung.}) 7... d5 8.
Be3 Qd8 9. cxd5 exd5 10. g3 Be7 11. Bg2 Be6 12. O-O O-O 13. Rc1 Re8 ({Die
Alternative} 13... Rc8 {scheint natürlicher, siehe z.B. Izoria-Z.Almasi,
OL-Bled 2002}) 14. Rc2 Na5 ({Ich überlegte auch an} 14... Ng4 {, wonach Weiss
nur leicht in Vorteil kommen kann:} 15. Bc5 (15. Nxd5 Nxe3 16. fxe3 $13) 15...
d4 16. Bxe7 Rxe7 17. Rd2 Bxb3 ({das Damenopfer} 17... dxc3 {bringt keine
ausreichende Kompensation, man sehe:} 18. Rxd8+ Rxd8 19. Qc2 Bxb3 20. Qxb3 Nd4
21. Qb4 Nxe2+ 22. Kh1 $16) 18. Qxb3 Qa5 19. Ne4 (19. Bxc6 dxc3 20. Rd7 $14)
19... Rxe4 20. Bxe4 Qxd2 21. Qxb7 Rb8 22. Qxc6 Qxe2 23. b4 $14) 15. Nd4 ({
Einfacher ist} 15. Nxa5 Qxa5 16. Qd3 $14) 15... Nc4 16. Bg5 Rc8 $2 ({Ein
grober taktischer Bock, nach welchem Weiss klar in Vorteil kommt. Der
prophylaktische Zug} 16... Kh8 {hätte geschehen sollen, wonach die Stellung im
Gleichgewicht aussieht:} 17. Qd3 Rc8 18. Rd1 Qa5 $132) 17. Nxe6 fxe6 18. Bxf6
Bxf6 19. Nxd5 {[%cal Gg2d5,Rd5g8,Rd5c4]} Bxb2 20. Nf4 b5 $2 ({Am Sonntag
morgen in der Bundesliga ist es nicht immer einfach, wach zu sein! Dieser
weitere Fehler beschleunigt das Ende. Aber auch im Falle von} 20... Qxd1 21.
Rxd1 {behält Weiss die Oberhand:} b5 (21... Bxa3 22. Bxb7 $16) 22. Bh3 Rc6 23.
Rb1 Nxa3 24. Rxc6 $1 Nxb1 25. Bxe6+ Kh8 26. Rc7 a6 27. Nd3 Bc3 28. Bc8 $16 {
[%csl Ra6,Rb5,Rh8]}) 21. Qxd8 Rexd8 (21... Rcxd8 22. Bc6) 22. Bh3 {[%csl Rc8,
Rg8][%cal Gh3e6]} Bxa3 23. Bxe6+ Kf8 24. Ra1 1-0

[Event "Belgrade RAD 30"]
[Site "Belgrade"]
[Date "1977.01.17"]
[Round "3.4"]
[White "Matulovic, Milan"]
[Black "Andersson, Ulf"]
[Result "1-0"]
[WhiteElo "2510"]
[BlackElo "2565"]
[Annotator "Primel,D"]
[PlyCount "145"]
[EventDate "1977.01.15"]
[EventType "tourn"]
[EventRounds "13"]
[EventCountry "SRB"]
[EventCategory "9"]
[SourceTitle "EXT 2018"]
[Source "ChessBase"]
[SourceDate "2017.10.13"]
[SourceVersion "1"]
[SourceVersionDate "2017.10.13"]
[SourceQuality "1"]
[TimeControl "40/9000:16/5400:0"]

1. e4 c5 2. Nf3 d6 3. d4 cxd4 4. Nxd4 a6 {Une variante passive qui n'a pas
trés bonne réputation théorique} 5. c4 $1 g6 6. Nc3 Bg7 7. Be2 Nf6 8. O-O
O-O 9. Be3 b6 $146 (9... Nbd7 10. Qd2 Nc5 11. f3 Bd7 12. Rac1 Ne6 13. Rfd1 Rb8
14. Nb3 b6 15. f4 Bc6 16. Bf3 Nd7 17. Nd5 Ba4 18. Re1 Bxb3 19. axb3 Ndc5 20.
Qd1 Bxb2 21. Rb1 Bg7 22. f5 Nc7 23. Nf4 Nd7 24. g4 b5 25. cxb5 Nxb5 26. Rc1 Ne5
27. Be2 Qd7 28. Bc4 Nxc4 29. bxc4 Nc3 30. Qd3 Na2 31. Rb1 Nb4 32. Qe2 e6 33.
Red1 a5 34. c5 d5 35. exd5 exd5 36. Rxb4 axb4 37. Nxd5 b3 38. f6 b2 39. fxg7 {
Kozma,J (2375)-Peev,P (2430) Cienfuegos 1976 1/2-1/2}) 10. Qd2 Bb7 11. f3 Re8 (
11... Nbd7 12. Rac1 Re8 (12... Rc8)) 12. Rfd1 Nbd7 13. Nc2 $5 (13. Rac1 Rc8 14.
Bf1 $14) 13... Rc8 14. Rac1 Qc7 15. Bf1 (15. Nb4 $5 {[%csl Rc7][%cal Gb4d5]})
15... Qb8 16. Qf2 e6 {[%csl Gd5,Rd6] Surcontrôle la case "d5" mais au
détriment d'un affaiblissement du P "d6"} 17. Na4 (17. Bxb6 Nxb6 18. Qxb6 Bh6
19. Rb1 Bf8 $44) 17... d5 $5 18. exd5 exd5 19. Nxb6 Nxb6 20. Bxb6 dxc4 21. Re1
(21. Na3 {[%csl Rc4]}) 21... Rc6 22. Bd4 Rd8 23. Bc3 Nd5 24. Bxg7 Kxg7 25. Nd4
Rf6 {[%csl Rf6] Le sacrifice du P"d5" n'a rien donné et la Rf6 est mal placée
} 26. Bxc4 Nf4 27. Bf1 Rd5 $5 {[%cal Gd5h5,Gh5h2,Gb8h2]} 28. g3 Qd8 $5 29. Rc4
Rfd6 30. Nb3 (30. gxf4 Rxd4) 30... Ne6 31. Rc3 Rd1 32. Rc1 $1 Rxc1 33. Rxc1 Qf6
34. Bg2 h5 $44 {[%cal Gh5h4]} 35. h4 Bd5 36. Rd1 Qd8 37. Nc1 Bb7 38. Rxd6 Qxd6
39. Nb3 Qd1+ (39... Bd5 {[%csl Rg2]}) 40. Qf1 Qc2 (40... Qd5 41. f4) 41. Qc1
Qf5 42. Qc3+ Kg8 43. Kh2 g5 $6 {trop affaiblissant} 44. hxg5 Nxg5 45. Nd4 Qf6
46. Qe3 Bd5 47. f4 $1 {[%csl Rd5,Rg5]} Bxg2 48. Kxg2 (48. fxg5 Qf1 {[%cal
Gf1h1]} 49. Qg1 Qxg1+ 50. Kxg1 Bd5) 48... Nh7 49. Qe5 Qb6 50. Nf5 $40 Nf6 51.
Ne3 (51. Kh3 Qg1 52. Kh4 $18 {[%cal Gh4g5]}) 51... Qc6+ 52. Kh2 Qb6 53. Kh3 Qc6
54. Kh2 Qb6 55. Kh3 Qc6 56. Kh4 Qh1+ 57. Kg5 $18 {[%csl Gg5] Non seulement le
K Blanc est à l'abri mais il participe à l'attaque} Nh7+ 58. Kh6 Qc6+ 59.
Kxh5 Nf6+ 60. Kg5 Nh7+ 61. Kh4 Nf6 62. f5 Kh7 63. Kg5 Ne4+ 64. Kf4 Nd2 65. Nd5
Qa4+ 66. b4 Qd1 67. Nf6+ Kh6 68. Ng4+ Kh7 69. Qe7 Qf1+ 70. Kg5 Qc4 71. Nf6+ Kg7
72. Nh5+ Kh7 73. Qb7 1-0